000 01613nam a22004097a 4500
005 20071121161245.0
006 m
007 c
008 050614c19639999ii qr p|s 00| 0 eng d
010 _a 2007215398
022 _a0019-4646
_y1939-9804
022 _a0973-0893
040 _aOCLCS
_cOCLCS
050 _aHC431
_b.I338
082 _a330
_214
130 _aIndian economic and social history review (Online)
222 _aIndian economic and social history review
_b(Online)
245 _aThe Indian economic and social history review
260 _aDelhi
_bSage
300 _av.
_c24 cm
310 _aQuarterly
362 _aPrint began with v. 1 in July/Sept. 1963.
500 _aPublisher varies.
500 _aDescription based on print version record.
500 _aLatest issue consulted: Vol. 44, no. 1 (Mar. 2007); viewed publisher's website 9/12/07.
530 _aAlso issued in print.
538 _aMode of access: World Wide Web.
651 _aIndia
_xEconomic conditions
_vPeriodicals.
651 _aIndia
_xSocial conditions
_vPeriodicals.
710 _aDelhi School of Economics.
776 _tIndian economic and social history review
_x0019-4646
_w(DLC)sa 64002353
_w(OCoLC)1752856
270 _aB1/I-1, Mohan Cooperative Industrial Area, Mathura Road
_bNew Delhi
_dIndia
_e110044
_k40539222
_l40539234
_mjournals@sagepub.com
906 _a7
_bibc
_cserials
_du
_encip
_f20
_gn-oclcserc
942 _2ddc
_cSR
_h330
_mIND
_s1
999 _c21589
_d21589